|
|
|
|
| LEADER |
00000naa2a2200000 4500 |
| 001 |
188100 |
| 005 |
20240213133715.0 |
| 035 |
|
|
|a (RuTPU)RU\TPU\book\204236
|
| 090 |
|
|
|a 188100
|
| 100 |
|
|
|a 20101201d2010 k y0rusy50 ca
|
| 101 |
0 |
|
|a rus
|
| 102 |
|
|
|a RU
|
| 200 |
1 |
|
|a Особенности вольтамперометрического определения иодид-ионов в гуминовых препаратах
|f В. И. Дерябина [и др.]
|
| 320 |
|
|
|a Библиогр.: 1 назв.
|
| 463 |
|
0 |
|0 (RuTPU)RU\TPU\book\202401
|t Теория и практика электроаналитической химии
|o сборник трудов симпозиума, 13-17 сентября 2010 г., Томск
|f Национальный исследовательский Томский политехнический университет (ТПУ)
|v С. 98-99
|d 2010
|p 185 с.
|
| 610 |
1 |
|
|a гуммированные аппараты
|
| 610 |
1 |
|
|a вольтамперометрия
|
| 610 |
1 |
|
|a иодид-ионы
|
| 610 |
1 |
|
|a определение
|
| 610 |
1 |
|
|a кормовые добавки
|
| 610 |
1 |
|
|a труды учёных ТПУ
|
| 701 |
|
1 |
|a Дерябина
|b В. И.
|c российский химик
|c инженер Томского политехнического университета
|g Валентина Ивановна
|3 (RuTPU)RU\TPU\pers\27268
|
| 701 |
|
1 |
|a Слепченко
|b Г. Б.
|c химик
|c профессор Томского политехнического университета, доктор химических наук
|f 1956-
|g Галина Борисовна
|3 (RuTPU)RU\TPU\pers\25643
|9 11554
|
| 701 |
|
1 |
|a Лычева
|b Т. В.
|
| 701 |
|
1 |
|a Жаркова
|b О. С.
|c специалист в области компьютерного анализа данных
|c младший научный сотрудник Томского политехнического университета
|f 1977-
|g Оксана Станиславовна
|3 (RuTPU)RU\TPU\pers\25557
|
| 801 |
|
1 |
|a RU
|b 63413507
|c 20101201
|
| 801 |
|
2 |
|a RU
|b 63413507
|c 20170522
|g RCR
|
| 942 |
|
|
|c BK
|